| 000 | 00570nam a2200181 i 4500 | ||
|---|---|---|---|
| 001 | 85197 | ||
| 003 | ES-MaACL | ||
| 005 | 20230906175211.0 | ||
| 007 | t| | ||
| 008 | 041126s1978 sp ||||1| spa d | ||
| 100 | 1 |
_aJiménez de Aberasturi, Luis María. _966487 |
|
| 245 | 1 | 3 |
_aLa guerra en Euskadi / _cLuis María y Juan Carlos Jiménez de Aberasturi. |
| 250 | _a[1ª ed.]. | ||
| 260 |
_a[barcelona] : _bPlaza Janés, _c[1978] |
||
| 300 |
_a317 p., 8 lám. ; _c22 cm. |
||
| 700 | 1 |
_aJiménez de Aberasturi, Juan Carlos. _966486 |
|
| 852 |
_aES-MaACL _jA-9276 _bR.98192 |
||
| 999 |
_c85197 _d85197 |
||